000 01032nam a22003257a 4500
003 CHAP
005 20220329143244.0
008 071002d1995 mx r 00110 spa d
010 _a94022
011 _a94994
020 _a9706400311
035 _a105597
040 _cCHAP
090 _aFolleto 17267
100 0 0 _aBolívar Zapata, Francisco G.
_913591
245 1 0 _aLa genética moderna :
_bhorizontes
_c/por Francisco Bolívar Zapata
260 _aMéxico, D.F. :
_bEl Colegio Nacional,
_c1995
300 _a79 p. :
_bilus.
590 _aBATCH-UPD
_b10
_c20130110
_lUCH01
_h1817
590 _aBATCH-UPD
_b10
_c20130410
_lUCH01
_h1151
590 _aBATCH-UPD
_b10
_c20130914
_lUCH01
_h0641
590 _aCONVERSION
_b10
_c20130109
_lUCH01
_h1352
650 1 4 _aBiotecnología
_xInvestigación.
_912882
650 1 4 _aGenética.
_947469
650 1 4 _aIngeniería genética
_xInvestigación.
_958233
901 _aBK
905 _aElisama A. H.
942 _cFOLL
949 _aFolleto 17267
_bBC
_cFOLL
_d33724002040587
_eTS1
_i105597
_sb
999 _c94022
_d94022